| 000 | 00863nam a22002177a 4500 | ||
|---|---|---|---|
| 003 | OSt | ||
| 005 | 20250917084418.0 | ||
| 008 | 240228b ||||| |||| 00| 0 eng d | ||
| 040 | _c0 | ||
| 082 | _aDPer 621.317 Ie21 June 2022 v. 37 n. 6 | ||
| 100 |
_aNiu, Decun. _eauthor. _953643 |
||
| 245 |
_aThyristor-based T-type converter with modular multilevel DC-link / _cDecun Niu, Feng Gao, Tao Xu, and Zhan Ma. |
||
| 260 |
_aNew York ; _bThe Institute of Electrical and Electronics Engineers, Inc. , _cJune 2022. |
||
| 300 |
_aVolume 37, pages 6792-6806 : _billustration ; _c29 cm. |
||
| 500 | _aIEEE Transactions on Power Electronics, vol. 37, no. 6, pages 6792-6806, June 2022. | ||
| 700 |
_aNiu, Decun. _eauthor. _953643 |
||
| 700 |
_aGao, Feng. _eauthor. _953644 |
||
| 700 |
_aXu, Tao. _eauthor. _953645 |
||
| 700 |
_aMa, Zhan. _eauthor. _953646 |
||
| 942 |
_2ddc _cPER |
||
| 999 |
_c19429 _d19429 |
||